| 000 | 00582nam a22001817a 4500 | ||
|---|---|---|---|
| 008 | 130821s sp gr dspa | ||
| 040 |
_aCo-BoUCM _bspa |
||
| 041 | 0 | 0 | _aspa |
| 100 | 1 |
_aAndreiev, Leónidas _9149824 |
|
| 245 | 0 | 0 |
_aJudas Iscariote _cLeónidas Andreiev |
| 260 |
_aMadrid (España) _bBiblioteca Nueva _c[fecha desconocida] |
||
| 300 | _a237 páginas | ||
| 600 |
_aJudas Iscariote _9690 |
||
| 600 |
_aJudas Iscariote _vBiografías _9690 |
||
| 650 | 0 | 4 |
_aBiografías _97343 |
| 942 |
_cLIBRO _a4 _e1 _mA53 _n0 _2DEWEY _h232.961 |
||
| 999 |
_c86231 _d86231 |
||